Central Library OPAC University of Rajshahi

The politics of educational reform in France, 1918-1940 / (Record no. 49753)

MARC details
000 -LEADER
fixed length control field 00907cam a2200301 4500
001 - CONTROL NUMBER
control field 49753
003 - CONTROL NUMBER IDENTIFIER
rucl marc code BD-RJUL
005 - DATE AND TIME OF LATEST TRANSACTION
control field 20211209054726.0
008 - FIXED-LENGTH DATA ELEMENTS--GENERAL INFORMATION
fixed length control field 160822s1969 nju b 001 0 eng
035 ## - SYSTEM CONTROL NUMBER
System control number BD-RJUL 49873
System control number (OCoLC)00012769
System control number GLIS00511483
040 ## - CATALOGING SOURCE
Original cataloging agency DLC
Transcribing agency DLC
Modifying agency OCL
-- m.c.
-- RCD
Language of cataloging eng
041 ## - LANGUAGE CODE
Language code of text/sound track or separate title eng
082 ## - DEWEY DECIMAL CLASSIFICATION NUMBER
Edition number 23
Classification number 370.944
Author mark and year TAP 1969
090 ## - LOCALLY ASSIGNED LC-TYPE CALL NUMBER (OCLC); LOCAL CALL NUMBER (OCLC)
Classification number (OCLC) (R) ; Classification number, CALL (RLIN) (NR) LA691.8
Local cutter number (OCLC) ; Book number/undivided call number, CALL (RLIN) .T142
099 ## - LOCAL FREE-TEXT CALL NUMBER (OCLC)
Bangla Class number LA691.8.T142
100 1# - MAIN ENTRY--PERSONAL NAME
Personal name Talbott, John E.
9 (RLIN) 149148
245 14 - TITLE STATEMENT
Title The politics of educational reform in France, 1918-1940 /
Statement of responsibility, etc. by John E. Talbott.
260 ## - PUBLICATION, DISTRIBUTION, ETC. (IMPRINT)
Place of publication, distribution, etc. Princeton, N.J. :
Name of publisher, distributor, etc. Princeton Univ. Press,
Date of publication, distribution, etc. 1969.
300 ## - PHYSICAL DESCRIPTION
Pagination x, 283 p. ;
Size 23 cm.
504 ## - BIBLIOGRAPHY, ETC. NOTE
Bibliography, etc Includes bibliographical references.
650 #0 - SUBJECT ADDED ENTRY--TOPICAL TERM
Topical term or geographic name as entry element Educational innovations
Geographic subdivision France.
9 (RLIN) 149149
Topical term or geographic name as entry element Education
Geographic subdivision France
General subdivision History.
9 (RLIN) 149150
942 ## - ADDED ENTRY ELEMENTS (KOHA)
Source of classification or shelving scheme Dewey Decimal Classification
Koha item type Books
949 ## - LOCAL PROCESSING INFORMATION (OCLC)
a MYGD
Holdings
Lost status Source of classification or shelving scheme Damaged status Not for loan Collection code Permanent Location Current Location Shelving location Date acquired Source of acquisition Total Checkouts Full call number Date last seen Copy number Koha item type
  Dewey Decimal Classification     Non-fiction Central Library, University of Rajshahi Central Library, University of Rajshahi   26/09/1970 Sweets & Zeetlinger   370.944 TAP 1969 22/08/2016 C-2 Books